Individual sports that use a ball - Statistics

General Stats
  • This quiz has been taken 41 times
    12 since last reset
  • The average score is 3 of 9
Answer Stats
Answer % Correct
Tennis
78%
Bowling
56%
Golf
56%
Table Tennis
56%
Snooker
33%
Squash
33%
Pool
22%
Bocce
11%
Marbles
0%
No matching quizzes found
Score Distribution
Percent of People with Each Score
Percentile by Number Answered
Your Score History
You have not taken this quiz since the last reset